| 000 | 00715nam a22002177a 4500 | ||
|---|---|---|---|
| 005 | 20100803103622.0 | ||
| 010 | _aENG-97830 | ||
| 020 |
_a9788170288824 _c95.00 |
||
| 035 | _aEN-81363 | ||
| 037 | _bDBAD/PUB | ||
| 082 | _a808.88 | ||
| 245 |
_aInspiring thoughts on love / _ccompiled by Meera Johri |
||
| 260 |
_aDelhi _bRajpal & Sons _c2010 |
||
| 270 |
_aKashmere Gate _bDelhi _e6 |
||
| 300 |
_a104p. _c18cm (Hb) |
||
| 650 |
_aQuotation _94705 |
||
| 650 |
_aInspiring Thoughts _94706 |
||
| 700 |
_aJohri, Meera _94707 |
||
| 942 |
_2ddc _cEN _h808.88 _mINS |
||
| 999 |
_c38838 _d38838 |
||